Virtual jungles: survival accountability, and governance in online communities (Record no. 66926)

000 -LEADER
fixed length control field 01365pab a2200169 454500
008 - FIXED-LENGTH DATA ELEMENTS--GENERAL INFORMATION
fixed length control field 180718b2005 xxu||||| |||| 00| 0 eng d
100 ## - MAIN ENTRY--PERSONAL NAME
Personal name Dumont, Georgette
245 ## - TITLE STATEMENT
Title Virtual jungles: survival accountability, and governance in online communities
260 ## - PUBLICATION, DISTRIBUTION, ETC.
Date of publication, distribution, etc. 2005
300 ## - PHYSICAL DESCRIPTION
Extent p.287-99.
362 ## - DATES OF PUBLICATION AND/OR SEQUENTIAL DESIGNATION
Dates of publication and/or sequential designation Sep
520 ## - SUMMARY, ETC.
Summary, etc. By making it possible for once dispersed individuals to communicate nd cooperate online, the Internet has raised the importance of cybercommunities - informal, online collectivities that provide support by means of many-to-many communication - as an overlooked delivery system for the provision of public goods. The importance to public administration of these communities is discussed through multisectoral analysis. Existing case study - based research on the topic is empirically assessed by mapping the cyberuniverses of three issue areas discussed in that research. Although many of the findings of the existing research remain valid, the internal governance, and so the accountability and legitimacy, of cybercommunities are found to be weak. This raises serious questions about current understanding regarding the implication of online organization for public administration. - Reproduced.
650 ## - SUBJECT ADDED ENTRY--TOPICAL TERM
Topical term or geographic name entry element Public administration
700 ## - ADDED ENTRY--PERSONAL NAME
Personal name Candler, George
773 ## - HOST ITEM ENTRY
Main entry heading American Review of Public Administration
909 ## -
-- 66926
Holdings
Withdrawn status Lost status Damaged status Not for loan Permanent Location Current Location Date acquired Serial Enumeration / chronology Barcode Date last seen Price effective from Koha item type
        Indian Institute of Public Administration Indian Institute of Public Administration 2018-07-19 Volume no: 35, Issue no: 3 AR67382 2018-07-19 2018-07-19 Articles

Powered by Koha